Dog Breeds by Pictures - Statistics

General Stats
  • This quiz has been taken 126 times
  • The average score is 7 of 16
Answer Stats
Picture Answer % Correct
Rottweiler
80%
Boxer
77%
Bichon Frise
64%
Australian Shepherd
62%
English Bulldog
57%
Australian Cattle Dog
56%
Cavalier King Charles Spaniel
53%
Shih Tzu
52%
Maltese
45%
Irish Wolfhound
41%
Springer Spaniel
39%
West Highland White Terrier
38%
German Shorthaired Pointer
35%
Staffordshire Bull Terrier
20%
English Bull Terrier
17%
Australian Kelpie
7%
No matching quizzes found
Score Distribution
Percent of People with Each Score
Percentile by Number Answered
Your Score History
You have not taken this quiz